UBT Library

Motivating and inspiring teachers : (Record no. 40610)

000 -LEADER
fixed length control field 00960cam a22002534a 4500
001 - CONTROL NUMBER
control field 11893179
005 - DATE AND TIME OF LATEST TRANSACTION
control field 20180119084334.0
008 - FIXED-LENGTH DATA ELEMENTS--GENERAL INFORMATION
fixed length control field 000119s2000 nyu b 000 0 eng
010 ## - LIBRARY OF CONGRESS CONTROL NUMBER
LC control number 00024911
020 ## - INTERNATIONAL STANDARD BOOK NUMBER
International Standard Book Number 1883001994
040 ## - CATALOGING SOURCE
Original cataloging agency DLC
Transcribing agency DLC
Modifying agency DLC
041 ## - LANGUAGE CODE
Language code of text/sound track or separate title eng
042 ## - AUTHENTICATION CODE
Authentication code pcc
080 ## - UNIVERSAL DECIMAL CLASSIFICATION NUMBER
Universal Decimal Classification number 371.201 tod
082 00 - DEWEY DECIMAL CLASSIFICATION NUMBER
Classification number 371.201 tod
Edition number 21
100 1# - Rafti
Rafti 46
101 ## - Shkurtesa
Shkurtesa edu
245 10 - TITLE STATEMENT
Title Motivating and inspiring teachers :
Statement of responsibility, etc Todd Whitaker, Beth Whitaker, Dale Lumpa.
246 14 - VARYING FORM OF TITLE
Title proper/short title Motivating & inspiring teachers
504 ## - BIBLIOGRAPHY, ETC. NOTE
Bibliography, etc Includes bibliographical references (p. 237-241).
906 ## - LOCAL DATA ELEMENT F, LDF (RLIN)
a 7
b cbc
c orignew
d 1
e ocip
f 20
g y-gencatlg
942 ## - ADDED ENTRY ELEMENTS (KOHA)
Source of classification or shelving scheme
Item type Books
Holdings
Withdrawn status Lost status Source of classification or shelving scheme Damaged status Not for loan Collection code Permanent location Current location Shelving location Date acquired Total Checkouts Full call number Barcode Date last seen Price effective from Koha item type
          Koleksioni i përgjithshem UBT - Lipjan UBT - Lipjan Koleksioni i përgjithshem 01/19/2018   371.201 tod 002-2995979 01/19/2018 01/19/2018 Books
UBT Library © 2015-2024. All rights reserved University Education for Business and Technology